000 00605nam a2200205Ia 4500
003 GCL
008 140319s9999 xx 000 0 ara d
040 _aGCL /
_cGCL
082 0 4 _a330.1
_bح م
100 1 _aحسين عمر
245 1 0 _aمقدمة علم الاقتصاد نظرية القيمة /
_cحسين عمر
260 _a[S.N] :
_bدار المعارف ،
_c1968
300 _a741 ص
490 _a
650 0 4 _aالاقتصاد
650 0 4 _aالنقود
650 0 4 _aالعلاقات الاقتصادية الدولية
650 0 4 _aالمالية العامة
942 _2ddc
_cBK
999 _c42793
_d42793